000 00296nam a2200121Ia 4500
008 230822s2006 xx 000 0 und d
020 _a9780000000000
041 _aeng
100 _aRIX M.
245 _aSUBTROPICAL AND DRY CLIMATE PLANTS.
260 _bOCTOPUS PUBLISHING
_c2006
300 _a117
999 _c860801
_d860801